| 000 | 00679nam a2200205 u 4500 | ||
|---|---|---|---|
| 001 | 000016235 | ||
| 005 | 20200929164330.0 | ||
| 008 | 100301s1940 sp r 000 0 spa d | ||
| 040 |
_aDO-SdBNP _bspa _cBNPHU |
||
| 082 |
_axxx _bC336c |
||
| 100 | 1 |
_aCascales, Francisco _d1564- 1642 _936289 |
|
| 245 | 1 | 0 |
_aCartas Filológicas / _cFrancisco Cascales; edición Justo García Soriano. |
| 260 |
_aMadrid : _bEspasa-Calpe, _c1940. |
||
| 300 |
_aT. 2 ; _c18 cm. |
||
| 490 | 1 |
_aClásicos Castellanos _v117 |
|
| 500 | _aIncluye notas al pie de las páginas | ||
| 500 | _aIncluye índices | ||
| 700 | 1 |
_aGarcía Soriano, Justo _cEditor _936290 |
|
| 830 | 0 |
_aClásicos Castellanos _v117 _94180 |
|
| 999 |
_c15773 _d15773 |
||